Kinh tế học về quản lý môi trường ở Việt Nam
Tổng quan nghiên cứu kinh tế về các vấn đề môi trường ở Việt Nam, chi phí xói mòn đất tại chổ và lợi ích của việc bảo tồn đất, hậu quả môi trường và các phương án kiểm soát ô nhiễm,......
সংরক্ষণ করুন:
| বিন্যাস: | গ্রন্থ |
|---|---|
| ভাষা: | Undetermined |
| প্রকাশিত: |
Thành phố Hồ Chí Minh
Nxb. Kinh tế Thành phố Hồ Chí Minh
2014
|
| বিষয়গুলি: | |
| ট্যাগগুলো: |
ট্যাগ যুক্ত করুন
কোনো ট্যাগ নেই, প্রথমজন হিসাবে ট্যাগ করুন!
|
| Thư viện lưu trữ: | Trung tâm Học liệu Trường Đại học Cần Thơ |
|---|
| LEADER | 01030nam a2200181Ia 4500 | ||
|---|---|---|---|
| 001 | CTU_228470 | ||
| 008 | 210402s9999 xx 000 0 und d | ||
| 082 | |a 658.408 | ||
| 082 | |b K312 | ||
| 245 | 0 | |a Kinh tế học về quản lý môi trường ở Việt Nam | |
| 245 | 0 | |c Bùi Dũng Thể, Herminia Francisco (Biên soạn) ; Trần Thị Kim Chi (Biên dịch) ; Phạm Khánh Nam (Hiệu đính) | |
| 260 | |a Thành phố Hồ Chí Minh | ||
| 260 | |b Nxb. Kinh tế Thành phố Hồ Chí Minh | ||
| 260 | |c 2014 | ||
| 520 | |a Tổng quan nghiên cứu kinh tế về các vấn đề môi trường ở Việt Nam, chi phí xói mòn đất tại chổ và lợi ích của việc bảo tồn đất, hậu quả môi trường và các phương án kiểm soát ô nhiễm,... | ||
| 650 | |a Kinh tế môi trường,Environmental economics | ||
| 910 | |b nthai | ||
| 980 | |a Trung tâm Học liệu Trường Đại học Cần Thơ | ||